Návrh aplikácie medzioperačnej kontroly vo vybraných procesoch v podniku Emerson Network Power - Energy Systems, a.s. Nové Mesto nad Váhom = In-process control on the case of EMERSON NETWORK POWER - ENERGY SYSTEMS company : Diplomová práca

Guardado en:
Detalles Bibliográficos
Autor principal: Reiter, Peter (Autor)
Otros Autores: Meravá, Miroslava, 1983- (xxx)
Formato: Manuscrito Libro
Lenguaje:eslovaco
Publicado: Trnava : STU v Bratislave MTF UPMK KIK, 2009
Etiquetas: Agregar Etiqueta
Sin Etiquetas, Sea el primero en etiquetar este registro!

MARC

LEADER 00000ntm a22000003a 4500
001 stu188480
005 20160719154422.3
008 090812s2009----xo------------------slo-d
040 |a STU  |b slo 
041 0 |a slo 
044 |a xo 
100 1 |a Reiter, Peter  |4 aut 
245 1 |a Návrh aplikácie medzioperačnej kontroly vo vybraných procesoch v podniku Emerson Network Power - Energy Systems, a.s. Nové Mesto nad Váhom = In-process control on the case of EMERSON NETWORK POWER - ENERGY SYSTEMS company :  |b Diplomová práca 
260 |a Trnava :  |b STU v Bratislave MTF UPMK KIK,  |c 2009 
300 |a 70 s  |c príl (1 CD-ROM) 
500 |a Študijný program: inžinierstvo kvality produkcie 
500 |a Študijný odbor: 5.2.57 kvalita produkcie 
700 1 |a Meravá, Miroslava,  |d 1983-  |4 xxx  |u M190  |U MTF Materiálovotechnologická fakulta  |T MTF Katedra priemyselného inžinierstva a manažmentu  |X 21048  |U M190  |Y 167  |7 A000021048 
996 |b 284M070571  |c M*DP-8163  |l MMSKP  |s P  |a 0  |w stu188480_0001